| 000 | 00629nam a22002297a 4500 | ||
|---|---|---|---|
| 001 | sjds | ||
| 003 | sjds | ||
| 005 | 20251118033022.0 | ||
| 008 | 251118b |||||||| |||| 00| 0 spa d | ||
| 020 | _a8471767619 | ||
| 040 | _csjds | ||
| 041 | _aspa | ||
| 100 | _aMcKenzie, Roger | ||
| 245 |
_aEl ladron del castillo de Grayskull / _cRoger McKenzie, Fred Carrillo |
||
| 260 |
_aBarcelona, D.L. _bTimun Mas,, _c1985 |
||
| 300 |
_a [24] p. _bprincipalmente il. color ; _c21 x 21 cm. |
||
| 440 | _a Masters del universo | ||
| 655 | _aGraphic novel | ||
| 700 | _aMacKenzie, Roger | ||
| 700 | _aCarrillo, Fred | ||
| 942 | _cBK | ||
| 999 |
_c31163 _d31161 |
||